[Event "Karl Mala Memorial op-B 17th"]
[Site "Frankfurt"]
[Date "2014.08.02"]
[Round "4"]
[White "Viol, Julius"]
[Black "Koch, Gregor"]
[Result "1-0"]
[WhiteElo "1516"]
[BlackElo "1380"]
[PlyCount "107"]
[EventDate "2014.07.31"]
[EventType "swiss"]
[EventRounds "7"]
[EventCountry "GER"]
[SourceTitle "EXT 2015"]
[Source "ChessBase"]
[SourceDate "2014.11.20"]
[SourceVersion "1"]
[SourceVersionDate "2014.11.20"]
[SourceQuality "1"]

1. d4 e6 2. c4 d5 3. Nf3 Nf6 4. Bg5 Nbd7 5. e3 c6 6. a3 a5 7. Nc3 Bd6 8. Rb1 dxc4 9. Bxc4 b5 10. Bd3 Qb6 11. e4 Be7 12. e5 Nd5 13. Nxd5 cxd5 14. Bxe7 Kxe7 15. b4 a4 16. Qe2 Ba6 17. 0-0 Rac8 18. Rfc1 Kd8 19. Rxc8+ Kxc8 20. Rc1+ Kb8 21. Qe3 h6 22. Qf4 Rf8 23. h3 Qd8 24. Rc6 Kb7 25. Qc1 Nb6 26. g4 g5 27. Kg2 Nc4 28. Rc5 Kb6 29. Kg3 f6 30. Kg2 fxe5 31. Nxe5 Bc8 32. Bxc4 dxc4 33. Qe3 Bb7+ 34. Kg1 Bd5 35. Kf1 Qe8 36. Qg3 Rf4 37. Qe3 Rf8 38. Ke2 Rf4 39. Rxd5 exd5 40. Nxc4+ bxc4 41. Qxe8 Re4+ 42. Qxe4 dxe4 43. Ke3 c3 44. Ke2 Kc6 45. Kd1 Kd5 46. Kc2 Kxd4 47. b5 Kd5 48. Kxc3 Kc5 49. b6 Kxb6 50. Kb4 Kc6 51. Kxa4 Kc5 52. Kb3 Kd4 53. Kc2 Kc4 54. Kd2 1-0

[Event "Karl Mala Memorial op-B 17th"]
[Site "Frankfurt"]
[Date "2014.08.01"]
[Round "2"]
[White "Bethke, Robert"]
[Black "Koch, Gregor"]
[Result "1-0"]
[WhiteElo "1545"]
[BlackElo "1380"]
[PlyCount "103"]
[EventDate "2014.07.31"]
[EventType "swiss"]
[EventRounds "7"]
[EventCountry "GER"]
[SourceTitle "EXT 2015"]
[Source "ChessBase"]
[SourceDate "2014.11.20"]
[SourceVersion "1"]
[SourceVersionDate "2014.11.20"]
[SourceQuality "1"]

1. c4 e5 2. Nc3 Nc6 3. Nf3 Nf6 4. g3 Bc5 5. Bg2 d6 6. d3 0-0 7. a3 a5 8. 0-0 Bg4 9. Bg5 h6 10. Bxf6 Qxf6 11. Nd5 Qd8 12. Rb1 Ba7 13. b4 axb4 14. axb4 Ne7 15. Nd2 c6 16. Nxe7+ Qxe7 17. b5 Qd7 18. Re1 Bc5 19. Ne4 Bd4 20. Qb3 Rab8 21. e3 Bb6 22. Nc3 Kh8 23. Na4 Ba7 24. b6 Bxb6 25. Nxb6 Qe6 26. d4 Rfd8 27. Na4 Rd7 28. c5 d5 29. Nc3 e4 30. Ne2 g5 31. Qc2 h5 32. Qd2 Bf3 33. h3 Bxg2 34. Kxg2 Qf5 35. Ng1 h4 36. g4 Qg6 37. Qe2 f5 38. f3 fxg4 39. fxg4 Rf8 40. Rf1 Rdf7 41. Rxf7 Rxf7 42. Rf1 Kg7 43. Rf2 Re7 44. Rf5 Kh7 45. Qf2 Kh8 46. Rf8+ Kg7 47. Rf5 Kh8 48. Rf6 Qg7 49. Rf8+ Kh7 50. Qf5+ Qg6 51. Rh8+ Kg7 52. Rg8+ 1-0

[Event "Karl Mala Memorial op 14th"]
[Site "Frankfurt"]
[Date "2011.07.09"]
[Round "4"]
[White "Hipler, Andreas"]
[Black "Koch, Gregor"]
[Result "1-0"]
[WhiteElo "1914"]
[BlackElo "1375"]
[PlyCount "125"]
[EventDate "2011.07.07"]
[EventType "swiss"]
[EventRounds "7"]
[EventCountry "GER"]
[SourceTitle "EXT 2012"]
[Source "ChessBase"]
[SourceDate "2011.11.24"]
[SourceVersion "1"]
[SourceVersionDate "2011.11.24"]
[SourceQuality "1"]

1. e4 e6 2. d4 d5 3. exd5 exd5 4. Bd3 Nf6 5. Bf4 Bd6 6. Ne2 0-0 7. 0-0 Bg4 8. f3 Bh5 9. Re1 Nc6 10. c3 Bg6 11. Bxg6 hxg6 12. Bg5 Qd7 13. Nd2 Nd8 14. Bf4 Ne6 15. Bxd6 Qxd6 16. Nf1 Kh7 17. Neg3 Rh8 18. Re2 Kg8 19. Qb3 b6 20. Rae1 c5 21. dxc5 bxc5 22. Rd2 Qc6 23. Ne3 Nf4 24. Ne2 Nxe2+ 25. Rexe2 Rd8 26. Re1 Qd6 27. g3 Rh5 28. Qa4 Qb6 29. Red1 c4 30. Re2 Re8 31. Rde1 Rhe5 32. Kf2 Qb8 33. Nd1 Rxe2+ 34. Rxe2 Qb6+ 35. Ne3 Re6 36. Qd1 Qc5 37. Qd2 Ra6 38. a3 Rd6 39. Kg2 d4 40. cxd4 Rxd4 41. Qc1 Nd5 42. Nc2 Rd3 43. Qe1 Nf6 44. Re5 Qd6 45. Re2 Qd5 46. Qf2 Qd7 47. Qc5 Qb7 48. Ne3 Qb6 49. Qxb6 axb6 50. Nxc4 Nd5 51. Kf2 f6 52. Rd2 Rxd2+ 53. Nxd2 Kf7 54. Nc4 Ke6 55. Ne3 Ke5 56. Ke2 Nxe3 57. Kxe3 g5 58. h3 f5 59. f4+ gxf4+ 60. gxf4+ Kf6 61. a4 g5 62. fxg5+ Kxg5 63. Kf3 1-0

[Event "Karl Mala Memorial op 14th"]
[Site "Frankfurt"]
[Date "2011.07.09"]
[Round "5"]
[White "Koch, Gregor"]
[Black "Schomann, Michael"]
[Result "1-0"]
[WhiteElo "1375"]
[BlackElo "1748"]
[PlyCount "133"]
[EventDate "2011.07.07"]
[EventType "swiss"]
[EventRounds "7"]
[EventCountry "GER"]
[SourceTitle "EXT 2012"]
[Source "ChessBase"]
[SourceDate "2011.11.24"]
[SourceVersion "1"]
[SourceVersionDate "2011.11.24"]
[SourceQuality "1"]

1. e4 c5 2. Nf3 d6 3. d4 cxd4 4. Nxd4 Nf6 5. Nc3 e5 6. Nf3 Be6 7. Ng5 Bg4 8. Be2 Bxe2 9. Qxe2 h6 10. Nf3 a6 11. Be3 Nbd7 12. 0-0 Be7 13. h3 0-0 14. Rad1 Rc8 15. Qd3 Qc7 16. Nd2 b5 17. a3 Rfd8 18. f4 Nc5 19. Qe2 Qc6 20. Qf3 Ne6 21. Nb3 Qc7 22. Rf2 exf4 23. Bxf4 Nxf4 24. Qxf4 Rf8 25. Nd4 Nh5 26. Qf3 g6 27. Nd5 Qd8 28. Nxe7+ Qxe7 29. Nf5 gxf5 30. Qxh5 fxe4 31. Qxh6 f6 32. Qg6+ Kh8 33. Rf5 Rf7 34. Rh5+ Rh7 35. Rxh7+ Qxh7 36. Qxf6+ Qg7 37. Rxd6 Qxf6 38. Rxf6 Rxc2 39. Rxa6 Rxb2 40. Re6 Rb3 41. Rxe4 Rxa3 42. Rb4 Ra5 43. Kf2 Kg7 44. Kf3 Ra3+ 45. Ke4 Rg3 46. Rb2 b4 47. Kf4 Rg6 48. g4 Rf6+ 49. Kg3 Rb6 50. Rb3 Kg6 51. Kf4 Rf6+ 52. Ke5 Rb6 53. h4 Rb5+ 54. Kd4 Rb8 55. Kc4 Rh8 56. Rh3 Rb8 57. Rd3 Rh8 58. Rd6+ Kf7 59. h5 Rg8 60. Rd4 Rb8 61. Kb3 Kf6 62. Rxb4 Re8 63. Rb6+ Kg5 64. Rg6+ Kh4 65. h6 Rh8 66. g5 Kh5 67. Rg7 1-0

[Event "Karl Mala Memorial op 12th"]
[Site "Frankfurt"]
[Date "2009.07.19"]
[Round "6"]
[White "Koch, Gregor"]
[Black "Anders, Denis"]
[Result "1/2-1/2"]
[WhiteElo "1162"]
[BlackElo "1143"]
[PlyCount "28"]
[EventDate "2009.07.16"]
[EventType "swiss"]
[EventRounds "7"]
[EventCountry "GER"]
[SourceTitle "EXT 2010"]
[Source "ChessBase"]
[SourceDate "2010.11.25"]
[SourceVersion "1"]
[SourceVersionDate "2010.11.25"]
[SourceQuality "1"]

1. e4 e5 2. Nf3 Nc6 3. Nc3 Nf6 4. Bb5 Bb4 5. Bxc6 bxc6 6. d3 Bxc3+ 7. bxc3 d6 8. Ba3 0-0 9. Qe2 Re8 10. Rd1 Bg4 11. 0-0 c5 12. Qe3 c6 13. Rb1 Qa5 14. Rb3 Rab8 1/2-1/2

[Event "Karl Mala Memorial op 12th"]
[Site "Frankfurt"]
[Date "2009.07.18"]
[Round "4"]
[White "Koch, Gregor"]
[Black "Breuer, Yannick"]
[Result "1/2-1/2"]
[WhiteElo "1162"]
[BlackElo "857"]
[PlyCount "48"]
[EventDate "2009.07.16"]
[EventType "swiss"]
[EventRounds "7"]
[EventCountry "GER"]
[SourceTitle "EXT 2010"]
[Source "ChessBase"]
[SourceDate "2010.11.25"]
[SourceVersion "1"]
[SourceVersionDate "2010.11.25"]
[SourceQuality "1"]

1. e4 e5 2. Bc4 Nf6 3. Nc3 Bc5 4. d3 Nc6 5. f4 d6 6. Nf3 Bg4 7. h3 Bxf3 8. Qxf3 Nd4 9. Qd1 0-0 10. Ne2 Nxe2 11. Qxe2 exf4 12. Bxf4 Qd7 13. 0-0-0 Rfe8 14. Rdf1 d5 15. Bb3 dxe4 16. Rd1 exd3 17. Qxd3 Qxd3 18. Rxd3 c6 19. Rf1 Re2 20. g4 Rae8 21. Bg3 R8e3 22. Rd8+ Re8 23. Rd3 Bb4 24. Bh4 Be7 1/2-1/2

[Event "Karl Mala Memorial op 12th"]
[Site "Frankfurt"]
[Date "2009.07.18"]
[Round "5"]
[White "Peter, Anton"]
[Black "Koch, Gregor"]
[Result "1-0"]
[WhiteElo "1378"]
[BlackElo "1162"]
[PlyCount "131"]
[EventDate "2009.07.16"]
[EventType "swiss"]
[EventRounds "7"]
[EventCountry "GER"]
[SourceTitle "EXT 2010"]
[Source "ChessBase"]
[SourceDate "2010.11.25"]
[SourceVersion "1"]
[SourceVersionDate "2010.11.25"]
[SourceQuality "1"]

1. c4 Nf6 2. g3 e5 3. Bg2 Nc6 4. Nc3 Bc5 5. d3 0-0 6. e4 d6 7. Nge2 Bd7 8. 0-0 Qc8 9. Kh1 Bh3 10. f4 Bxg2+ 11. Kxg2 Ne7 12. f5 c6 13. Bg5 Kh8 14. Bxf6 gxf6 15. Qd2 d5 16. cxd5 cxd5 17. Nxd5 Nxd5 18. exd5 Qd7 19. Nc3 Rg8 20. Qh6 Qd6 21. Rf3 Bd4 22. Ne4 Qb6 23. Nxf6 Rg7 24. Rb1 e4 25. dxe4 Qxf6 26. Qxf6 Bxf6 27. b3 Re8 28. Re1 Be5 29. Rd3 Rg4 30. Kf3 h5 31. Rc1 Rxe4 32. d6 Rd4 33. Rxd4 Bxd4 34. Rc7 Rd8 35. Rxf7 Rxd6 36. Rxb7 Bg1 37. h4 Bh2 38. Rxa7 Rd3+ 39. Ke4 Rxg3 40. f6 Kg8 41. Kf5 Bg1 42. Rg7+ Rxg7 43. fxg7 Kxg7 44. Kg5 Kf7 45. Kxh5 Ke7 46. Kg6 Kd6 47. h5 Bd4 48. h6 Kc5 49. h7 Kb4 50. Kf7 Ka3 51. Kg8 Kxa2 52. b4 Kb3 53. b5 Kc4 54. b6 Bxb6 55. h8Q Bd4 56. Qh4 Kd5 57. Kf7 Ke5 58. Qg5+ Ke4 59. Ke6 Be3 60. Qe5+ Kd3 61. Kd5 Ke2 62. Ke4 Bd2 63. Qh2+ Kd1 64. Kd3 Ba5 65. Qe2+ Kc1 66. Qc2# 1-0